000 01186cam a2200289 a 4500
001 12401931
005 20180115094039.0
008 010508s2000 vaua bs 000 0 eng d
010 _a 2001316943
020 _a1892123142
035 _a(OCoLC)ocm45062567
040 _aDOJ
_cDOJ
_dGUL
_dNGU
_dDLC
041 _aeng
042 _alccopycat
043 _an-us---
080 _a317.3 RAY
082 0 0 _a317.3 RAY
_221
100 1 _a21
101 _aPOL
245 1 0 _aU.S. by the numbers :
_cRaymond J. Keating and Thomas N. Edmonds ; foreword by Jack Kemp.
246 3 _aUnited States by the numbers : figuring what's left, right, and wrong with America state by state
246 3 _aFiguring what's left, right and wrong with America state by state
504 _aIncludes bibliographical references (p. 939-945).
906 _a7
_bcbc
_ccopycat
_d2
_encip
_f20
_gy-gencatlg
942 _2ddc
_cBK
999 _c40316
_d40316